| 000 | 01179cam a2200289 a 4500 | ||
|---|---|---|---|
| 001 | 14915406 | ||
| 005 | 20250314133349.0 | ||
| 008 | 070703s2007 njua b 001 0 eng | ||
| 020 | _a9780470226827 (pbk.) | ||
| 020 | _a047022682X (pbk.) | ||
| 050 | 0 | 0 |
_aHD69.P75 _bW5527 2007 |
| 082 | 0 | 0 |
_a658.4/04 _222 |
| 245 | 0 | 4 |
_aThe Wiley guide to project technology, supply chain & procurement management / _cedited by Peter W.G. Morris and Jeffery K. Pinto. |
| 260 |
_aHoboken, N.J. : _bJohn Wiley & Sons, _cc2007. |
||
| 300 |
_axxvii, 380 p. : _bill. ; _c24 cm. |
||
| 440 | 4 | _aThe Wiley guides to the management of projects | |
| 650 | 0 | _aProject management. | |
| 650 | 0 | _aBusiness planning. | |
| 650 | 0 | _aBusiness logistics. | |
| 650 | 0 | _aIndustrial procurement. | |
| 700 | 1 | _aMorris, Peter W. G. | |
| 700 | 1 | _aPinto, Jeffrey K. | |
| 856 | 4 | 2 |
_3Publisher description _uhttp://www.loc.gov/catdir/enhancements/fy0739/2007027374-d.html |
| 856 | 4 | 1 |
_3Table of contents only _uhttp://www.loc.gov/catdir/enhancements/fy0739/2007027374-t.html |
| 856 | 4 | 2 |
_3Contributor biographical information _uhttp://www.loc.gov/catdir/enhancements/fy0740/2007027374-b.html |
| 942 |
_2lcc _cBK _n0 |
||
| 999 |
_c4798 _d4798 |
||